000
00277nam a2200109Ia 4500
008
230907s9999||||xx |||||||||||||| ||und||
082
_a
333.7924,BAK
100
_a
Baker, Keith
_9
115093
245
0
_a
Nuclear power and energy policy :
300
_a
xi, 245 pages ;
942
_c
BK
999
_c
597535
_d
597535